000 00489nam a22001575i 4500
001 171847
003 ES-MaACL
005 20230906214739.0
008 090603s1922 be |||| | fre d
100 1 _aSolvay, Lucien.
_9107255
245 1 2 _aL'evolution théâtrale /
_cLucien Solvay.
260 _aBruxelles :
_bG. Van Oest et cie.,
_c1922 (
_fMarcel Hayer)
300 _a2 v. ;
_c25 cm.
505 8 _aContiene: t. 1. Drame et comedie.--t. 2. La musique
852 _aES-MaACL
_jC-1524-25
999 _c171847
_d171847